000 00599nam a2200193Ia 4500
003 GCL
008 140319s9999 xx 000 0 ara d
040 _aGCL /
_cGCL
082 0 4 _a923.5
_bع ا
100 1 _aعرفان ابوحمد الهوارى
245 1 0 _aاخر المحاربين صفحات من البطولة /
_cعرفان ابوحمد الهوارى
260 _a[S.N] :
_bرابطة الكتاب الفلسطينى ،
_c1991
300 _a223 ص
490 _a
650 0 4 _aالتاريخ
650 0 4 _aحركات التحرير
650 0 4 _aالابطال
942 _2ddc
_cBK
999 _c35968
_d35968